Poslanci ČR - Statistics

General Stats
  • This quiz has been taken 77 times
    45 since last reset
  • The average score is 82 of 200
Answer Stats
Hint Answer % Correct
149 Alena Schillerová
100%
4 Andrej Babiš
100%
176 Filip Turek
100%
114 Hayato Okamura
100%
9 Ivan Bartoš
100%
159 Julie Smejkalová
100%
52 Karel Havlíček
100%
177 Libor Turek
100%
74 Oto Klempíř
100%
96 Petr Macinka
100%
115 Tomio Okamura
100%
139 Vít Rakušan
100%
62 Zdeněk Hřib
100%
178 Barbora Urbanová
88%
27 Igor Červený
88%
138 Jindřich Rajchl
88%
31 Katerina Demetrashvili
88%
188 Libor Vondráček
88%
48 Matěj Gregor
88%
107 Patrik Nacher
88%
189 Radek Vondráček
88%
80 Věra Kovářová
88%
81 Veronika Kovářová
88%
185 Adam Vojtěch
75%
28 Adriana Chochelová
75%
29 Benjamin Činčila
75%
163 Boris Šťastný
75%
30 Eva Decroix
75%
168 Gabriela Svárovská
75%
3 Hana Ančincová
75%
83 Jakub Krainer
75%
26 Jana Černochová
75%
17 Jan Berki
75%
95 Jan Lipavský
75%
36 Karel Dvořák
75%
183 Lukáš Vlček
75%
14 Marek Benda
75%
192 Marek Výborný
75%
13 Martin Baxa
75%
92 Martin Kupka
75%
51 Matěj Ondřej Havel
75%
151 Michaela Šebelová
75%
143 Olga Richterová
75%
132 Pavla Pivoňka Vaňková
75%
40 Petr Fiala
75%
41 Radim Fiala
75%
187 Samuel Volpe
75%
99 Taťána Malá
75%
72 Zdena Kašparová
75%
68 Aleš Juchelka
63%
172 František Talíř
63%
39 Irena Ferčíková Konečná
63%
1 Ivan Adamec
63%
63 Jan Hrnčíř
63%
142 Jan Richter
63%
157 Jan Skopeček
63%
169 Jan Sviták
63%
7 Jiří Barták
63%
44 Josef Flek
63%
49 Karel Haas
63%
164 Kateřina Stojanová
63%
160 Martin Šmída
63%
58 Matěj Hlavatý
63%
200 Michal Zuna
63%
154 Miroslav Ševčík
63%
133 Robert Plaga
63%
179 Vlastimil Válek
63%
110 Zdenka Němečková Crkvenjaš
63%
59 Andrea Hoffmannová
50%
108 Anežka Nedomová
50%
127 Berenika Peštová
50%
117 Eliška Olšáková
50%
193 Ester Weimerová
50%
180 Helena Válková
50%
124 Jana Pastuchová
50%
125 Jana Patková
50%
10 Jan Bartošek
50%
65 Jan Jakob
50%
136 Jiří Pospíšil
50%
184 Jiří Vojáček
50%
102 Lubomír Metnar
50%
153 Lucie Sedmihradská
50%
199 Marek Ženíšek
50%
69 Marian Jurečka
50%
118 Michaela Opltová
50%
5 Ondřej Babka
50%
57 Petr Hladík
50%
182 Renata Vesecká
50%
Robert Králíček
50%
171 Vendula Svobodová
50%
104 Zuzana Mrázová
50%
131 Barbora Pipášová
38%
141 Barbora Rázga
38%
33 Denis Doksanský
38%
162 Eva Šrámková
38%
94 Helena Langšádlová
38%
93 Hubert Lang
38%
88 Jana Krutáková
38%
122 Jan Papajanovský
38%
37 Jaroslav Faltýnek
38%
45 Jaroslav Foldyna
38%
100 Lenka Martínková Španihelová
38%
11 Lucie Bartošová
38%
147 Lucie Šafránková
38%
103 Michaela Moricová
38%
134 Václav Pláteník
38%
98 Zuzana Majerová
38%
145 Drahoslav Ryba
25%
24 František Bureš
25%
109 Irena Němcová
25%
6 Jana Bačíková
25%
25 Jan Bureš
25%
170 Jiří Svoboda
25%
155 Josef Nerušil
25%
181 Josef Váňa
25%
38 Kamal Farhan
25%
175 Karel Tureček
25%
194 Lubomír Wenzl
25%
135 Marie Pošarová
25%
77 Martin Kolovratník
25%
90 Michal Kučera
25%
85 Miroslav Krejčí
25%
190 Otto Vopěnka
25%
70 Pavel Karpíšek
25%
15 Petr Bendl
25%
78 Radek Koten
25%
197 Renáta Zajíčková
25%
173 Róbert Teleky
25%
158 Štěpán Slovák
25%
34 Tomáš Doležal
25%
55 Tomáš Helebrant
25%
2 Věra Adámková
25%
150 Vítězslav Schrek
25%
130 Vladimír Pikora
25%
105 Vojtěch Munzar
25%
111 Bohuslav Niemiec
13%
137 David Pražák
13%
19 Drahomír Blažej
13%
42 Eva Fialová
13%
128 František Petrtýl
13%
152 Gabriela Sedláčková
13%
56 Igor Hendrych
13%
97 Ivana Mádlová
13%
43 Jana Filipovičová
13%
12 Jan Bauer
13%
156 Jan Síla
13%
53 Jiří Havránek
13%
126 Jiří Penc
13%
186 Jitka Volfová
13%
79 Josef Kott
13%
16 Karel Beran
13%
116 Ladislav Okleštěk
13%
35 Lenka Dražilová
13%
60 Libor Hoppe
13%
112 Marek Novák
13%
87 Marie Kršková
13%
140 Michal Ratiborský
13%
22 Milan Brázdil
13%
67 Miloslav Janulík
13%
23 Monika Brzesková
13%
123 Patrik Pařil
13%
8 Pavel Bartoň
13%
120 Pavel Outrata
13%
144 Pavel Růžička
13%
195 Pavel Žáček
13%
82 Petr Kowanda
13%
146 Petr Sadovský
13%
161 Petr Sokol
13%
191 Petr Vrána
13%
75 Tomáš Kohoutek
13%
129 Tom Philipp
13%
86 Vojtěch Krňanský
13%
20 Zdeňka Blišťanová
13%
71 David Kasal
0%
165 David Štolpa
0%
66 Jakub Janda
0%
18 Jana Berkovcová
0%
32 Jana Demjanová
0%
50 Jana Hanzlíková
0%
106 Jana Murová
0%
21 Jiří Bouška
0%
61 Jiří Horák
0%
101 Jiří Mašek
0%
73 Jiřina Klčová
0%
166 Jiří Strýček
0%
47 Karin Gajdová
0%
91 Martin Kupec
0%
196 Martin Záhoř
0%
148 Miroslav Samaš
0%
198 Miroslav Žbánek
0%
64 Monika Hubíková
0%
113 Monika Oborná
0%
119 Renata Oulehlová
0%
167 Robert Stržínek
0%
89 Roman Kubíček
0%
46 Stanislav Fridrich
0%
174 Václav Trojan
0%
76 Vladimír Kolek
0%
54 Vlastimil Hebr
0%
121 Zuzana Ožanová
0%
No matching quizzes found
Score Distribution
Percent of People with Each Score
Percentile by Number Answered
Your Score History
You have not taken this quiz since the last reset